000 01016cam a2200253 a 4500
020 _a0471593192 (cloth : alk. paper)
082 0 0 _a696
_bSTE
_cL-N, P-24
100 1 _aStein, Benjamin.
_932539
245 1 0 _aBuilding technology :
_bmechanical and electrical systems /
_cBenjamin Stein.
250 _a2nd ed.
260 _aNew York :
_bJ. Wiley,
_cc1997.
300 _axix, 1048 p. :
_bill. ;
_c29 cm.
500 _aRev. ed. of: Building technology / William J. McGuinness, Benjamin Stein. c1977.
526 _a0
_b0
_c0
_d696_000000000000000_STE
650 0 _aBuildings
_xElectric equipment.
_932541
650 0 _aBuildings
_xEnvironmental engineering.
_931836
650 0 _aBuildings
_xMechanical equipment.
_932540
650 0 _aMCE
_9379
710 2 _aMcGuinness, William J.
_932542
856 4 _uhttp://www.loc.gov/catdir/toc/onix02/96006186.html
856 4 2 _uhttp://www.loc.gov/catdir/bios/wiley041/96006186.html
856 4 2 _uhttp://www.loc.gov/catdir/description/wiley032/96006186.html
942 _2ddc
_cBK
999 _c550680
_d550680